No, David! / (Record no. 1597)

MARC details
000 -LEADER
fixed length control field 00778cam a2200241 a 4500
005 - DATE AND TIME OF LATEST TRANSACTION
control field 20240108093424.0
020 ## - INTERNATIONAL STANDARD BOOK NUMBER
International Standard Book Number 9780590930031
040 ## - CATALOGING SOURCE
Original cataloging agency DLC
Transcribing agency DLC
Modifying agency DLC
Language of cataloging eng
050 00 - LIBRARY OF CONGRESS CALL NUMBER
Classification number PZ7.S52865
Item number No 1998
082 00 - DEWEY DECIMAL CLASSIFICATION NUMBER
Classification number 813
Edition number 21
100 1# - MAIN ENTRY--PERSONAL NAME
Personal name Shannon, David,
Dates associated with a name 1959-
245 10 - TITLE STATEMENT
Title No, David! /
Statement of responsibility, etc. by David Shannon.
260 ## - PUBLICATION, DISTRIBUTION, ETC.
Place of publication, distribution, etc. New York :
Name of publisher, distributor, etc. Scholastic,
Date of publication, distribution, etc. 1998
300 ## - PHYSICAL DESCRIPTION
Extent 30 unnumbered pages :
Other physical details Color illustrations ;
Dimensions 29 cm
505 ## - FORMATTED CONTENTS NOTE
Formatted contents note C <br/>
520 ## - SUMMARY, ETC.
Summary, etc. A young boy is depicted doing a variety of naughty things for which he is repeatedly admonished, but finally he gets a hug.
521 ## - TARGET AUDIENCE NOTE
Target audience note 100 <br/>
Source Lexile AD <br/>
521 ## - TARGET AUDIENCE NOTE
Target audience note C <br/>
Source Raz-Plus <br/>
650 #1 - SUBJECT ADDED ENTRY--TOPICAL TERM
Topical term or geographic name entry element Behavior
General subdivision Fiction.
906 ## - LOCAL DATA ELEMENT F, LDF (RLIN)
a 7
b cbc
c orignew
d 1
e ocip
f 19
g y-gencatlg
942 ## - ADDED ENTRY ELEMENTS (KOHA)
Source of classification or shelving scheme Dewey Decimal Classification
Koha item type Books
Suppress in OPAC No
999 ## -
-- 1597
-- 1597
Holdings
Withdrawn status Lost status Source of classification or shelving scheme Damaged status Not for loan Collection Home library Current library Shelving location Date acquired Total Checkouts Full call number Barcode Date due Date last seen Date last checked out Copy number Price effective from Koha item type
Withdrawn   Dewey Decimal Classification Damaged   Juvenile Fiction Footprints International School Library Network Toul Kork Campus Footprints International School Library Network Toul Kork Campus TK Primary Library Room(4th Floor), Bookcase 7, Shelves 57-60, Dark Green Books 09/08/2023   SHA Fic PZ7.S52865 2023-0730   11/03/2023   2 09/08/2023 Books
    Dewey Decimal Classification     Juvenile Fiction Footprints International School Library Network Toul Kork Campus Footprints International School Library Network Toul Kork Campus TK Primary Library Room(4th Floor), Bookcase 7, Shelves 57-60, Dark Green Books 09/08/2023 4 SHA Fic PZ7.S52865 FISTK01844 03/26/2026 03/12/2026 03/12/2026 3 09/08/2023 Books
    Dewey Decimal Classification     Juvenile Fiction Footprints International School Library Network Toul Kork Campus Footprints International School Library Network Toul Kork Campus TK Primary Library Room(4th Floor), Bookcase 7, Shelves 57-60, Dark Green Books 09/08/2023 3 SHA Fic PZ7.S52865 FISBK057077   01/30/2025 08/06/2024 4 09/08/2023 Books
    Dewey Decimal Classification     Juvenile Fiction Footprints International School Library Network Toul Kork Campus Footprints International School Library Network Toul Tom Poung Campus   09/08/2023 10 SHA Fic PZ7.S52865 FIS04946 05/08/2026 04/24/2026 04/24/2026 1 09/08/2023 Books
Withdrawn   Dewey Decimal Classification Damaged   Juvenile Fiction Footprints International School Library Network Toul Kork Campus Footprints International School Library Network Toul Tom Poung Campus   09/08/2023 5 SHA Fic PZ7.S52865 FISBK073135   10/03/2025 05/08/2025 5 09/08/2023 Books